Sports Quiz

Random Sports or Baseball Quiz

MLB CAREER HITS (RIGHTIES) Quiz Stats

 Plays Quiz not verified by Sporcle

Score 0/25 Timer 06:00
0 Plays Today
Player % Correct
Hank Aaron
85%
**Derek Jeter
78.1%
Willie Mays
76.3%
Cal Ripken Jr.
75%
Robin Yount
69.4%
Paul Molitor
66.9%
Frank Robinson
65.6%
Brooks Robinson
65%
Honus Wagner
64.4%
Roberto Clemente
63.1%
*Craig Biggio
59.4%
**Ivan Rodriguez
58.1%
**Alex Rodriguez
58.1%
Player % Correct
Cap Anson
56.9%
Al Kaline
56.9%
Rickey Henderson
54.4%
Rogers Hornsby
53.1%
Dave Winfield
51.3%
Nap Lajoie
48.1%
Al Simmons
29.4%
Andre Dawson
29.4%
*Gary Sheffield
28.1%
Tony Perez
22.5%
Luke Appling
19.4%
Luis Aparicio
18.1%

You're not logged in!

Compare scores with friends on all Sporcle quizzes.
OR
Log In

Show Comments

Extras

Top Quizzes Today


Score Distribution

Your Account Isn't Verified!

In order to create a playlist on Sporcle, you need to verify the email address you used during registration. Go to your Sporcle Settings to finish the process.

Report this User

Report this user for behavior that violates our Community Guidelines.

Details: